000 00747nam a2200253 i 4500
003 DO-SdBNP
005 20230718155147.0
007 ta
008 230705b2022 dr ||||| |||| 00| 0 spa d
020 _a9789945182149
040 _aDO-SdBNP
_bspa
_cBNPHU
_erda
082 4 _222
100 _920081
_aLópez Tallaj, Luis
_eautor
245 1 0 _aMalditas hormonas /
_cLuis López Tallaj ; prólogo, Claude Dalle
264 1 _aSanto Domingo :
_bSociedarte,
_c2022.
300 _a74 páginas ;
_c21 cm.
336 _2rdacontent
_atexto
_btxt
337 _2rdamedia
_asin mediación
_bn
338 _2rdacarrier
_avolumen
_bnc
590 _aInventariado, 2023/BT
700 _aDalle, Claude,
_eprálogo
_983699
910 _aBtavárez
942 _2ddc
_cLBS1
999 _c54104
_d54104